000 00588nam a2200205Ia 4500
005 20250923144831.0
008 008 250917s9999 xx 000 0 eng d
037 _aTextual
040 _aDSWL
_beng
_cDSWL
041 _aeng
_2eng
084 _aYX;5-x7xN62, K2
_qDSWL
100 _aPonsioen, J.A.
_9828888
245 0 _aSocial Welfare Policy
_cby J.A. Ponsioen
260 _aTavistock
_bTavistock& Co. S-Gravenhage
_c1962
300 _a287p.
365 _aINR
_b41.25
925 _g41.25
942 _cTEXL
_hYX;5-x7xN62, K2
999 _c1443930
_d1443930